000 00684nam a2200229Ia 4500
001 9860
003 GE_BSU
008 181216s||||||||xx |||||||||||||| ||und||
040 _cGE_BSU
080 _a821.353.1-1
100 _aნონეშვილი,იოსებ
245 _aლექსები
245 _b1938-1963
245 _cრედ:შ.ამისულაშვილი; მხატვ:გ.გორდელაძე
260 _aთბილისი
260 _bსაბჭ.საქართველო
260 _c1963
300 _a326გვ;20სმ
300 _b1ფ.პორტრ.
653 _aლექსები
942 _cBK
999 _c43139
_d43139